00701nam a2200229Ia 4500003000900000008004100009040001300050040001300063041000800076100002200084245005400106250000900160260002100169260000900190300001100199300001000210490002400220490000800244942000700252999001700259952019500276IT-RoPAU120407s9999 xx 000 0 und d aIT-RoPAU cIT-RoPAU aita aVladimir I. Lenin aLa rivoluzione proletaria e il rinnegato Kautsky. aRoma aNewton & Compton c1973 a152 p. c20 cm aPaperbacks marxisti v114 cBK c26141d26141 00102ddc406335_43000000000000071aPAULUSbPAULUSd2012-04-11l0o335.43r2012-04-11 00:00:00w2012-04-11yBKzInserito da: Jole In data: 30 luglio 2011 fondo: Via A.Severo 56 Progr:21367